1483 1230 1665 1667 1672 1271 1758 1003 1451 1360 1730 1521 1608 1692 1637 1275 1579 1946 1460 2000 1317 1311 1416 1061 1041 1549 1874 1382 1318 1912 1408 1075 1693 1229 1633 1284 1500 1025 1911 1785 1507 1724 1403 1864 1179 1676 1962 1573 1772 1807 1031 1354 1687 1448 1465 1550 1566 1354 1379 1690 1992 1145 1117 1608 1520 1294 1506 1082 1027 1792 1764 1466 1616 1298 1036 1554 1354 1983 1416 1361 1004 1486 1302 1704 1099 1823 1838 1192 1107 1449 1479 1172 1701 1304 1745 1052 1319 1260 1107 BCNSPRNW ULIB Ver.6.0+V

เปลี่ยนเป็นภาษาไทย

Change to English
 แสดงรายละเอียดบรรณานุกรม
  กลับหน้าหลัก

Brief Record : Get Marc (ISO 2709) : E-mail record : QR code < ปิดหน้าต่าง
LEADER : 00000nam 2200000uu 4500
001    13399114150
003     ULIB
008    110822s||||||||th 000 0 tha d
020    9786165512435
060 04 WO700^bพ935F
100 0  พรอนงค์ อร่ามวิทย์
245 00 Frontier in wound care /^cบรรณาธิการ, พรอนงค์ อร่ามวิทย์,พรพรหม เมืองแมน
250    พิมพ์ครั้งที่ 2
260    กรุงเทพฯ :^bชมรมสมานแผลแห่งประเทศไทย,^c2554
300    258 หน้า :^bภาพประกอบ ;^c26 ซม.
650  4 บาดแผล^xการรักษา
650  4 บาดแผลและบาดเจ็บ^xศัลยกรรม
700 0  พรอนงค์ อร่ามวิทย์,^eบรรณาธิการ
700 0  พรพรหม เมืองแมน,^eบรรณาธิการ
710 2  ชมรมสมานแผลแห่งประเทศไทย
945    ^p485^l0^i031171
945    ^p485^l0^i031172
945    ^p485^l0^i031173
995    ทศพร
999 ^a ใช้งานได้ทุกระบบ
รายการนี้ยังไม่มีแท็ก
คุณยังไม่ได้ล็อกอิน คุณสามารถมีกิจกรรมร่วมกับเว็บไซต์ได้ แต่ต้องล็อกอินก่อน ::
  ล็อกอิน

รายการสื่อสารสนเทศ

ลำดับที่ ประเภท เลขเรียก/บาร์โค้ด สถานที่ สถานะ
1. วิทยาศาสตร์การแพทย์ และสุขภาพ
หนังสือสำรอง
สถานะ=หนังสือสำรอง
WO700 พ935F ฉ.1 
  Barcode: 031171
ห้องสมุดวิทยาเขตสวรรค์ประชารักษ์
►ส่วนจัดเก็บหนังสือเก่า สปร
บนชั้น
  ขอยืม
2. วิทยาศาสตร์การแพทย์ และสุขภาพ
วิทยาศาสตร์การแพทย์ และสุขภาพ
WO700 พ935F ฉ.2 
  Barcode: 031172
ห้องสมุดวิทยาเขตสวรรค์ประชารักษ์
►ส่วนจัดเก็บหนังสือเก่า สปร
บนชั้น
  ขอยืม
3. วิทยาศาสตร์การแพทย์ และสุขภาพ
วิทยาศาสตร์การแพทย์ และสุขภาพ
WO700 พ935F ฉ.3 
  Barcode: 031173
ห้องสมุดวิทยาเขตสวรรค์ประชารักษ์
►ส่วนจัดเก็บหนังสือเก่า สปร
บนชั้น
  ขอยืม

รายการใกล้เคียง
    ผู้แต่ง [พรอนงค์ อร่ามวิทย์]

    หัวเรื่อง [บาดแผลและบาดเจ็บ ศัลยกรรม]

BibComment


ยังไม่เคยถูกคอมเมนท์

คอมเมนท์ทรัพยากรรายการนี้
  คอมเมนท์: Frontier in wound..


 Copyright 2026. Bcnsprnw @Library